Variations symphoniques pour piano et orchestre /

Hlavní autor: Franck, César, 1822-1890
Další autoři: Samazeuilh, Gustave, 1877-1967
Jazyk: Nelze použít, není lingvistický obsah
Vydáno: Paris : Enoch, 1943
Fyzický popis: 19 s.
Hudebniny Hudebniny
Uloženo v:
LEADER 00786ncm a22002172a 4500
001 001261907
003 CZ BrMZK
005 20131017132948.0
007 qu
008 000105s1943 fr f zxx d
040 |a BOA001  |b cze 
072 7 |a 786  |x Hudba pro klávesové nástroje  |2 Konspekt  |9 9 
100 1 |a Franck, César,  |d 1822-1890  |7 jn20000601614  |4 cmp 
245 1 0 |a Variations symphoniques  |h [hudebnina] :  |b pour piano et orchestre /  |c César Franck ; pour piano à 2 mains par Gustave Samazeuilh 
260 |a Paris :  |b Enoch,  |c 1943 
300 |a 19 s. 
700 1 |a Samazeuilh, Gustave,  |d 1877-1967  |7 mzk2013788884  |4 arr 
910 |a BOA001  |b Mus4-0535.077 
990 |a MU 
991 |b 201210 
996 6 |b 2619080637  |c Mus4-0535.077  |l MZK  |r Sklad / do 1 hodiny  |n 0  |w 001295748  |u 000010  |a 1  |e BOA001  |j MZK50  |s P